Anagrammi dei Calciatori - Quiz n°7 - Statistics

Statistiche generali
  • Questo quiz è stato fatto 20 volte
  • Il punteggio medio è 5 su 10
Statistiche sulle risposte
Anagramma Calciatore % Corretto
gifo Figo
100%
eown Owen
75%
epsedmy Dempsey
50%
muaasli Musiala
50%
ceeer Reece
50%
gginmmeeru Rummenigge
50%
fdnnrdiea Ferdinand
38%
radevvel Valverde
38%
tnlceatoi Ancelotti
13%
omrlanio Molinaro
0%
Nessun quiz corrispondente trovato
Distribuzione punteggi
Percentuale di utenti per punteggio
Percentile per numero di risposta
I tuoi punteggi nel tempo
Non hai fatto questo quiz